[Event "Rouen op 9th"]
[Site "Rouen"]
[Date "2016.12.20"]
[Round "7"]
[White "Leleu, Andre"]
[Black "Pineau, Jean Jacques"]
[Result "1-0"]
[WhiteElo "1848"]
[BlackElo "1779"]
[PlyCount "119"]
[EventDate "2016.12.17"]
[EventType "swiss"]
[EventRounds "7"]
[EventCountry "FRA"]
[SourceTitle "CBM 176 Extra"]
[Source "ChessBase"]
[SourceDate "2017.03.02"]
[SourceVersion "1"]
[SourceVersionDate "2017.03.02"]
[SourceQuality "1"]

1. c4 c5 2. Nc3 Nc6 3. g3 g6 4. e4 Bg7 5. Bg2 e5 6. Nge2 Nge7 7. d3 0-0 8. 0-0 f5 9. a3 a5 10. Nd5 d6 11. Bd2 h6 12. Rb1 Kh7 13. Nec3 Be6 14. Nb5 Bxd5 15. cxd5 Na7 16. Nc3 Qc7 17. b4 axb4 18. axb4 b6 19. bxc5 bxc5 20. Qa4 Nac6 21. Nb5 Qb6 22. Qc4 Nb4 23. Bxb4 cxb4 24. Rxb4 Rac8 25. Qb3 Rb8 26. Qb2 f4 27. Bh3 fxg3 28. hxg3 Rf3 29. Kg2 Rf6 30. Rc1 Rbf8 31. Rc2 h5 32. Nd4 Qa7 33. Ne6 Re8 34. Rb7 Qa6 35. Qb3 h4 36. gxh4 Kh6 37. Rcc7 Bf8 38. Qc3 Qa2 39. Rb2 Qa1 40. Qd2+ Kh7 41. Rbb7 Kg8 42. Ng5 Qa4 43. Be6+ Kg7 44. Qe2 Qd4 45. Nf3 Qa1 46. Nh2 Qd4 47. Ng4 Rf4 48. f3 g5 49. hxg5 Kg6 50. Nf6 Ra8 51. Rb1 Ra3 52. Rd1 Rb3 53. Rc4 Qb6 54. Nd7 Rb2 55. Rd2 Rxd2 56. Qxd2 Qb1 57. Rc1 Qb7 58. Rh1 Bg7 59. Kg3 Qa7 60. Qh2 1-0

[Event "Rouen op 9th"]
[Site "Rouen"]
[Date "2016.12.19"]
[Round "4"]
[White "Pineau, Jean Jacques"]
[Black "Martine, Jean Christophe"]
[Result "1/2-1/2"]
[WhiteElo "1779"]
[BlackElo "2075"]
[PlyCount "143"]
[EventDate "2016.12.17"]
[EventType "swiss"]
[EventRounds "7"]
[EventCountry "FRA"]
[SourceTitle "CBM 176 Extra"]
[Source "ChessBase"]
[SourceDate "2017.03.02"]
[SourceVersion "1"]
[SourceVersionDate "2017.03.02"]
[SourceQuality "1"]

1. e4 d6 2. d4 Nf6 3. Nc3 c6 4. Nf3 Bg4 5. Be3 e6 6. Qd2 d5 7. Ne5 Bh5 8. f3 Bb4 9. g4 Bg6 10. Nxg6 hxg6 11. e5 Nfd7 12. Bd3 a6 13. Bg5 Qb6 14. a3 Bf8 15. Be3 Qxb2 16. 0-0 Qb6 17. Rab1 Qc7 18. f4 c5 19. f5 gxf5 20. gxf5 cxd4 21. Bxd4 Bc5 22. Bxc5 Nxc5 23. fxe6 Nxe6 24. Qf2 Qc5 25. Rxb7 0-0 26. Qxc5 Nxc5 27. Rb4 Nc6 28. Rh4 Nxd3 29. cxd3 d4 30. Nd5 Rad8 31. Nf6+ gxf6 32. Rg4+ Kh7 33. Rf5 Kh6 34. Rh4+ Kg6 35. Rxf6+ Kg5 36. Rhf4 Ne7 37. h4+ Kh5 38. Kf2 Rd5 39. e6 Re5 40. Rxf7 Rxf7 41. exf7 Ng6 42. f8Q Nxf8 43. Rxf8 Kxh4 44. Rf4+ Kg5 45. Rxd4 Ra5 46. a4 Kf5 47. Ke3 Ke5 48. Ke2 Rc5 49. Rh4 Rc6 50. Rh5+ Kf4 51. Rh4+ Ke5 52. Ke3 Rg6 53. Rh5+ Kd6 54. Rh4 Kd5 55. Rh5+ Kd6 56. Rf5 Rg3+ 57. Ke4 Rg4+ 58. Rf4 Rg6 59. Kd4 Kc6 60. Re4 Rd6+ 61. Kc4 Kb6 62. Rd4 Rh6 63. Rd5 Rc6+ 64. Kd4 Rh6 65. a5+ Kc6 66. Kc4 Rh4+ 67. Rd4 Rh5 68. Kb4 Rb5+ 69. Ka4 Rb1 70. Rc4+ Kd5 71. Ka3 Ra1+ 72. Kb4 1/2-1/2